Paesi Europei Senza Sbocco sul Mare - Statistics

Statistiche generali
  • Questo quiz è stato fatto 150 volte
    127 dall'ultimo reset
  • Il punteggio medio è 14 su 15
Statistiche sulle risposte
Superficie Paese % Corretto
93,028 Ungheria
97%
160 Liechtenstein
96%
78,867 Repubblica Ceca
96%
0.44 Città del Vaticano
95%
2586 Lussemburgo
95%
61 San Marino
95%
468 Andorra
94%
49,035 Slovacchia
94%
83,871 Austria
93%
41,284 Svizzera
93%
88,361 Serbia
92%
10,908 Kosovo
90%
25,713 Macedonia del Nord
89%
207,600 Bielorussia
86%
33,846 Moldavia
86%
Nessun quiz corrispondente trovato
Distribuzione punteggi
Percentuale di utenti per punteggio
Percentile per numero di risposta
I tuoi punteggi nel tempo
Non hai fatto questo quiz dall'ultimo reset